000 00897nam a2200301 i 4500
003 DO-SdBNP
005 20250213140644.0
007 ta
008 250213b19- cu ||||| |||| 00| 0 spa d
040 _aDO-SdBNP
_bspa
_cBNPHU
_erda
041 _hspa
082 1 _axxx
_bS998F
_222
100 1 _aSzulc, Tad
_eautor
_4aut.
_957453
245 1 0 _aFidel :
_bun retrato crítico /
_cTad Szulc.
250 _aSegunda edición
264 1 _aCuba :
_beditor no identificado,
_c19--?.
300 _a789 páginas ;
_c21 cm.
336 _atexto
_btxt
_2rdacontent
337 _asin mediación
_bn
_2rdamedia
338 _avolumen
_bnc
_2rdacarrier
500 _aIncluye datos biográficos del autor en las solapas
500 _aIncluye índice onomástico
504 _aBibliografía : páginas 769-778
590 _aInventariado, 2025/BT
651 _96572
910 _aBtavárez
942 _2ddc
_cLBS1
999 _c58115
_d58115